000
00237 a2200097 4500
001
20937
100
_a
International Labor Organization
245
_a
Introduction to work study
260
_a
_b
Int Labour Of
_c
1969
090
_c
15056
_d
15056
942
_a
NUST-CAE
_c
M
_c
5621
999
_c
256010
_d
256010